| 000 | 00389nam a2200169Ia 4500 | ||
|---|---|---|---|
| 001 | 12898 | ||
| 005 | 20250626030613.0 | ||
| 008 | 211022s9999 xx 000 0 und d | ||
| 082 | _a155.935 CAR | ||
| 100 | _aCaruth, Cathy | ||
| 245 | 0 | _aTrauma : explorations in memory | |
| 260 | _aBaltimore | ||
| 260 | _bJohns Hopkins Univ. Press | ||
| 260 | _c1996 | ||
| 300 | _a277 | ||
| 942 | _cBK | ||
| 999 |
_c11844 _d11844 |
||